| 000 | 00424nam a2200181Ia 4500 | ||
|---|---|---|---|
| 001 | 19317 | ||
| 005 | 20260306172644.0 | ||
| 008 | 260306t1998||||xx |||||||||||||| ||spa|| | ||
| 041 | _aESP | ||
| 082 |
_a658.83 _bZ76 |
||
| 100 |
_aZikmund, William G. _eAUT |
||
| 245 | 0 | _aInvestigación de mercados | |
| 260 | _c1998 | ||
| 300 |
_a739 pƔginas : _c26 cm. |
||
| 650 | _aGEN | ||
| 654 | _aCAN | ||
| 942 |
_cLIB _dJUS _fJUS _2ddc _n |
||
| 999 |
_c19317 _d19317 |
||